Catálogo
 En Linea
Vista normal Vista MARC

Entrada Nombre personal

Número de registros utilizados en: 2

001 - NÚMERO DE CONTROL

  • campo de control: 67168

003 - IDENTIFICADOR DEL NÚMERO DE CONTROL

  • campo de control: OSt

005 - FECHA Y HORA DE LA ÚLTIMA TRANSACCIÓN

  • campo de control: 20220606135641.0

008 - DATOS DE LONGITUD FIJA

  • campo de control de longitud fija: 200615|| aca||aabn | a|a d

040 ## - FUENTE DE LA CATALOGACIÓN

  • Centro catalogador/agencia de origen: OSt
  • Centro/agencia transcriptor: OSt

100 1# - ENCABEZAMIENTO-NOMBRE DE PERSONA

  • Nombre de persona: Canales Torres, Carlos
  • Fechas asociadas al nombre: 1955-

370 ## - LUGAR ASOCIADO

  • Lugar de nacimiento: Rio Piedras. PR

374 ## - OCUPACIÓN

  • Ocupación: Dramaturgo

374 ## - OCUPACIÓN

  • Ocupación: Narrador

374 ## - OCUPACIÓN

  • Ocupación: Educador

375 ## - GÉNERO/SEXO

  • Género/Sexo: Masculino

377 ## - LENGUA/LENGUAJE ASOCIADO

  • Código del idioma: spa

400 1# - TRAZADO DE VÉASE--NOMBRE DE PERSONA

  • Nombre de persona: Carlos Canales

670 ## - FUENTE DE DATOS ENCONTRADOS

  • Cita de la fuente: Work cat.: (OSt)40254: Canales Torres, Carlos, Naves Mancas. :, 2011.

670 ## - FUENTE DE DATOS ENCONTRADOS

  • Cita de la fuente: Canales, Carlos. MAI. Teatro/Cuento , 2021

Con tecnología Koha